La libertad es roja

محفوظ في:
التفاصيل البيبلوغرافية
المؤلف الرئيسي: Herrera Gil, Rafael
التنسيق: كتاب
اللغة:Undetermined
منشور في: Quito, Ecuador Universitaria 1973
الموضوعات:
الوسوم: إضافة وسم
لا توجد وسوم, كن أول من يضع وسما على هذه التسجيلة!

MARC

LEADER 00000nam a2200000Ia 4500
008 170316s9999 xx 000 0 und d
040 |a cru BVZT 
090 |a 860 H-9L 
100 |a Herrera Gil, Rafael 
245 |a La libertad es roja 
260 |a Quito, Ecuador 
260 |b Universitaria 
260 |c 1973 
300 |a 123 páginas 
650 |a LITERATURA LATINOAMERICANA 
999 |c 8828  |d 8828 
942 |c 15 D  |h 860 H-9L  |2 z